Como negociar en China : (Registro nro. 29796)

Detalles MARC
000 -LEADER
fixed length control field 00738nam a2200217Ia 4500
003 - CONTROL NUMBER IDENTIFIER
control field CO-CtgCURN
005 - DATE AND TIME OF LATEST TRANSACTION
control field 20250409210213.0
008 - FIXED-LENGTH DATA ELEMENTS--GENERAL INFORMATION
fixed length control field 190723s9999 xx 000 0 und d
020 ## - INTERNATIONAL STANDARD BOOK NUMBER
International Standard Book Number 9589029221
040 ## - CATALOGING SOURCE
Original cataloging agency CO-CtgCURN
Language of cataloging spa
Transcribing agency coctgcurn
082 ## - DEWEY DECIMAL CLASSIFICATION NUMBER
Classification number 350.1
Item number B813c
100 ## - MAIN ENTRY--PERSONAL NAME
Personal name Brahm, Laurence J.
245 #0 - TITLE STATEMENT
Title Como negociar en China :
Remainder of title 36 estrategas /
Statement of responsibility, etc. Laurence J. Brahm
260 ## - PUBLICATION, DISTRIBUTION, ETC.
Place of publication, distribution, etc. Bogotá, Colombia :
Name of publisher, distributor, etc. Universidad Jorge Tadeo Lozano,
Date of publication, distribution, etc. 1999
300 ## - PHYSICAL DESCRIPTION
Extent 148 páginas ;
Dimensions 20 centímetros
521 ## - TARGET AUDIENCE NOTE
Target audience note AREA SOCIOHUMANISTICA
590 ## - LOCAL NOTE (RLIN)
Local note Programa de Derecho_18
650 ## - SUBJECT ADDED ENTRY--TOPICAL TERM
Topical term or geographic name entry element Exito en los negocios
Geographic subdivision China
942 ## - ADDED ENTRY ELEMENTS (KOHA)
Koha item type Libros
Classification part 350.1
Item part B813c
Existencias
Withdrawn status Lost status Damaged status Not for loan Collection Home library Current library Shelving location Date acquired Inventory number Total checkouts Full call number Barcode Date last seen Copy number Price effective from Koha item type
          Miguel Henríquez Castañeda Barranquilla Miguel Henríquez Castañeda Barranquilla General 05/23/2018 03480   350.1 B813c 03480 07/23/2019 ej.1 07/23/2019 Libros